Uso y manejo de los copales aromáticos (Registro nro. 7014)

Detalles MARC
000 -CABECERA
Campo de control 00696nam a2200205 a 4500
005 - FECHA Y HORA DE LA ULTIMA TRANSACCION
Campo de control 20160727092142.0
008 - ELEMENTOS DE LONGITUD FIJA—INFORMACION GENERAL
Campo de control 160727b2008 mx ad|||r|||| 00| 0 spa d
040 ## - FUENTE DE CATALOGACIÓN
Agencia catalogadora original CO-BoIAVH
Agencia transcriptora CO-BoIAVH
041 0# - IDIOMA
Código de idioma para texto/pista de sonido o título separado Español
044 ## - PAÍS DE PUBLICACIÓN
País de publicación México
082 04 - NUMERO DE CLASIFICACION DECIMAL DEWEY
Número de clasificación 633.895
Número del ítem P98u
245 00 - MENCION DE TITULO
Título Uso y manejo de los copales aromáticos
Parte restante del título resinas y aceites /
Mención de responsabilidad coordinado por Silvia Elena Purata Velarde
260 ## - PUBLICACION, DISTRIBUCION, ETC. (PIE DE IMPRENTA)
Lugar de publicación, distribución, etc. México :
Nombre del editor, distribuidor, etc. CONABIO :
-- RAISES,
Fecha de publicación, distribución, etc. 2008.
300 ## - DESCRIPCION FISICA
Extensión 54 páginas :
Otros detalles físicos ilustraciones y tablas ;
Dimensiones 24 x 21 cm.
650 26 - ASIENTO SECUNDARIO DE MATERIA - TERMINO TEMATICO
Término temático o nombre geográfico como elemento de entrada Resinas
9 (RLIN) 14419
650 26 - ASIENTO SECUNDARIO DE MATERIA - TERMINO TEMATICO
Término temático o nombre geográfico como elemento de entrada Aceites aromáticos
9 (RLIN) 73427
650 24 - ASIENTO SECUNDARIO DE MATERIA - TERMINO TEMATICO
Término temático o nombre geográfico como elemento de entrada Copales aromáticos
9 (RLIN) 73428
700 1# - ASIENTO SECUNDARIO - NOMBRE PERSONAL
Nombre personal Purata Velarde, Silvia E.
Término de relación coordinadora
9 (RLIN) 73429
942 ## - ELEMENTOS ADICIONALES (KOHA)
Sistema de clasificación Dewey Decimal Classification
Tipo de ítem Libro
Existencias
Withdrawn status Lost status Sistema de Clasificación Damaged status No para préstamo Colección Inventariado Ubicación Permanente Ubicación actual Fecha de adquisición Fuente de Valor Valor Total Checkouts Número topográfico Inventario / Código de Barras Date last seen Ejemplar Price effective from Forma de adquisición Tipo de material
    Dewey Decimal Classification     General Inventariado 2017 Bogotá Bogotá 21/07/2009 Instituto 39000.00   LB-633.895 P98u 027356 04/12/2012 Ej.1 04/12/2012 Donación Libro